01458nam a22003977a 4500003000400000005001700004008004100021040002200062082001500084110002000099245003700119260005000156300001800206366000800224490001300232505001400245505001900259505003000278505003400308505001000342505004500352505001800397505017300415505002600588505001500614505001800629650004100647650004900688650004700737650004800784650004800832650004700880650004300927650004500970651004501015OSt20230524085546.0221006b |||||||| |||| 00| 0 eng d cBiblioteca Lado V a700bA786l aARTEDEReEditor aLAPIZ/bRevista Mensual de Arte/ bFeria internacional de Bilbaoc1997aEspaña c22x29cma98p. espa a132vXVI aEditorial aLa Performance aEntrevista con Axel Hutte aEntrevista con Jordi Teixidor aOrlan aRetrospectiva de Edward y Nancy Kienholz aAlicia Martin aCronicas de exposicionesgSylvie Fleury Thomas Ruff Susy Gomez Jose Hernandez-Diez Jose Maria Garcia Parody Alvaron Negro Rafael Navarro Toni Socias Rui Chafes  aCuba: La isla posible aActualidad aPublicaciones 2Tesauro de Arte & ArquitecturaaARTE 2Tesauro de Arte & ArquitecturaaARQUITECTURA 2Tesauro de Arte & ArquitecturaaFOTOGRAFIA 2Tesauro de Arte & ArquitecturaaENTREVISTAS 2Tesauro de Arte & ArquitecturaaARQUEOLOGIA 2Tesauro de Arte & ArquitecturaaREPORTAJES 2Tesauro de Arte & ArquitecturaaLIBROS 2Tesauro de Arte & ArquitecturaaNOTICIAS 2Tesauro de Arte & ArquitecturaaSUBASTAS